Un enfoque de la función de producción : dirección y control /
Guardado en:
| Autor Principal: | |
|---|---|
| Formato: | Libro |
| Idioma: | Spanish |
| Publicado: |
Santiago, Chile :
Universidad Católica de Chile, Escuela de Administración,
1975.
|
| Series: | Publicación docente ;
Nº 15. |
| Materias: | |
| Etiquetas: |
Agregar Etiqueta
Sin Etiquetas, Sea el primero en etiquetar este registro!
|
| LEADER | 00714nam a22001815 4500 | ||
|---|---|---|---|
| 001 | EAD.ead002995 | ||
| 008 | 080718s1975####cl#######b####000#0#spa#d | ||
| 005 | 20111026113702.0 | ||
| 245 | 1 | 0 | |a Un enfoque de la función de producción : |b dirección y control / |c Carlos A. Olavarría. |
| 260 | |a Santiago, Chile : |b Universidad Católica de Chile, Escuela de Administración, |c 1975. | ||
| 300 | |a 51 p. ; |c 27 cm. | ||
| 490 | 1 | |a Publicación docente ; |v Nº 15 | |
| 504 | |a Incluye referencias bibliográficas. | ||
| 100 | 1 | |a Olavarría, Carlos A. | |
| 830 | 0 | |a Publicación docente ; |v Nº 15. | |
| 082 | 0 | 4 | |a 658.5 |2 21 |
| 650 | 7 | |a Control de la Producción. |2 unbist | |
| 859 | |a AR-BaBDC |b BIB. ADMINISTRACION - Libros |h 658.56 |i Ol1 |p b02250 | ||
